| 000 | 00687nam a2200181 i 4500 | ||
|---|---|---|---|
| 001 | 64507 | ||
| 003 | ES-MaACL | ||
| 005 | 20230906165138.0 | ||
| 007 | t| | ||
| 008 | 031226s1953 sp ||||1| spa d | ||
| 100 | 1 |
_aFont Puig, Pedro. _951567 |
|
| 245 | 1 | 0 |
_aDiscurso inaugural del año académico 1953-54 _b: anomalia en la relación entre la Filosofía tradicional y la Ciencia actual : consecuencias, causas y remedios / _cpor Pedro Font Puig. |
| 260 |
_aBarcelona : _b[s.n., _c1953] ( _fAgustín Núñez) |
||
| 300 |
_a44 p. ; _c24 cm. |
||
| 500 | _aPrecede al tit.: Universidad de Barcelona. | ||
| 710 | 2 |
_aUniversidad de Barcelona. _97141 |
|
| 852 |
_aES-MaACL _j1952-F-4 _bR.34895 |
||
| 999 |
_c64507 _d64507 |
||